figure out the lana del rey song pt 6 - Statistics

General Stats
  • This quiz has been taken 138 times
  • The average score is 183 of 301
Answer Stats
Answer % Correct
i
98%
you
94%
a
93%
the
84%
and
82%
do
81%
your
81%
when
80%
me
77%
who
77%
to
76%
are
75%
in
75%
is
75%
can
73%
my
73%
where
73%
am
71%
im
70%
dont
69%
no
69%
it
66%
on
66%
youre
65%
girl
63%
that
63%
baby
62%
of
62%
at
61%
she
60%
too
60%
ive
58%
just
58%
for
57%
they
56%
with
56%
but
55%
have
55%
so
55%
then
55%
this
55%
been
54%
know
54%
man
54%
cant
53%
her
53%
out
53%
ill
50%
up
50%
die
49%
hand
49%
want
49%
youve
49%
make
48%
take
48%
time
48%
kiss
47%
look
47%
need
46%
way
46%
bitch
45%
let
45%
see
45%
wind
45%
all
44%
apartment
44%
complex
44%
kind
44%
mariners
44%
right
44%
sadness
44%
aint
43%
context
43%
jesus
43%
took
43%
venice
43%
candle
42%
could
42%
from
42%
weakness
42%
best
41%
lost
41%
these
41%
thunder
41%
dark
40%
far
40%
feel
40%
lose
40%
thats
40%
beaches
39%
fucked
39%
hard
39%
lightning
39%
wonder
39%
people
38%
sea
38%
again
37%
big
37%
boat
37%
command
37%
whos
37%
change
36%
believer
35%
deep
34%
gonna
34%
leave
34%
sky
34%
breath
33%
cause
33%
heart
33%
kindness
32%
mistook
32%
sweetness
32%
about
31%
darkness
31%
even
31%
maybe
31%
ready
31%
save
31%
things
31%
think
31%
whisper
30%
sins
28%
burning
27%
catch
27%
distance
27%
resistance
27%
everyones
26%
stand
26%
yeah
26%
deepness
25%
found
25%
talking
25%
wave
25%
board
23%
No matching quizzes found
Score Distribution
Percent of People with Each Score
Percentile by Number Answered
Your Score History
You have not taken this quiz